• 首页
  • 本馆介绍
  • 公告通知
  • 最新文献
  • 馆藏检索
  • 电子资源
  • 读者导购
  • 参考咨询
  • 我的图书馆
  • 登录
  • 详细信息显示
  • 放入我的书架
  • 预约/预借图书
  • 作者相关作品
  • 分类相关作品
  • 丛书相关作品
  • 出版社相关作品

书目信息

  • 表格格式
  • 工作单格式
  • 卡片格式
题名:
石化设备典型失效案例分析
    
 
作者: 贾国栋 , 王辉 , 杜晨阳 主编
分册:  
出版信息: 北京   中国石化出版社  2015.7
页数: 547页
开本: 24cm
丛书名:
单 册:
中图分类: TQ050.6
科图分类:
主题词: 石油化工设备--失效分析--案例
电子资源:
ISBN: 978-7-5114-3233-9
000 01064nam0 2200253 45
001 012001000338
005 20130911133148.0
010    @a978-7-5114-3233-9@dCNY120.00
100    @a20150914d2015 em y0chiy50 ea
101 0  @achi
102    @aCN@b110000
105    @aa z 000yy
106    @ar
200 1  @a石化设备典型失效案例分析@Ashi hua she bei dian xing shi xiao an li fen xi@b专著@f贾国栋,王辉,杜晨阳主编
210    @a北京@c中国石化出版社@d2015.7
215    @a547页@c图@d24cm
330    @a本书精选出石化行业承压设备和动设备近40个典型失效案例,涉及制氢转化炉、乙烯裂解炉、气化炉、电站锅炉、工业管道、换热器、反应器、塔、压缩机转子叶片等。针对失效分析思路、失效件的宏观和微观形态、失效原因和机理以及预防控制措施进行了介绍,并重点对同类设备的失效规律进行探讨性的总结。
606 0  @a石油化工设备@x失效分析@x案例
690    @aTQ050.6@v5
701  0 @a贾国栋@Ajia guo dong@c(设备检测)@4主编
701  0 @a王辉@Awang hui@c(设备检测)@4主编
701  0 @a杜晨阳@Adu chen yang@4主编
801  0 @aCN@bBJSDL@c20211011
905    @b1335048-51@dTQ050.6@e581@f4
    
    石化设备典型失效案例分析/贾国栋,王辉,杜晨阳主编.-北京:中国石化出版社,2015.7
    547页:图;24cm
    
    
    ISBN 978-7-5114-3233-9:CNY120.00
    本书精选出石化行业承压设备和动设备近40个典型失效案例,涉及制氢转化炉、乙烯裂解炉、气化炉、电站锅炉、工业管道、换热器、反应器、塔、压缩机转子叶片等。针对失效分析思路、失效件的宏观和微观形态、失效原因和机理以及预防控制措施进行了介绍,并重点对同类设备的失效规律进行探讨性的总结。
●
相关链接 在E读中查询图书 在五车中查询图书 在当当中查询图书 在豆瓣中查询图书


正题名:石化设备典型失效案例分析     索取号:TQ050.6/581         预约/预借

序号 登录号 条形码 馆藏地/架位号 状态 备注
1 1335048   213350489   第二样本阅览室/ [索取号:TQ050.6/581] 在馆    
2 1335049   213350498   第三借阅区/ [索取号:TQ050.6/581] 在馆    
3 1335050   213350504   第三借阅区/ [索取号:TQ050.6/581] 在馆    
4 1335051   213350513   第三借阅区/ [索取号:TQ050.6/581] 在馆    
唐山师范学院图书馆 欢迎您!
大连网信软件有限公司© 版权所有